| 000 | 00752nam a2200181Ia 4500 | ||
|---|---|---|---|
| 008 | 090630s9999 xx 000 0 und d | ||
| 082 | _b8771 | ||
| 100 | _aसरदेसाई लक्ष्मणराव. | ||
| 245 |
_aवेचक लक्ष्मणराव सरदेसाई. _cसरदेसाई लक्ष्मणराव. |
||
| 260 |
_bसन. _c1986 |
||
| 300 | _a211 | ||
| 600 | _aसरदेसाई लक्ष्मणराव. | ||
| 630 | _aवेचक लक्ष्मणराव सरदेसाई. | ||
| 655 | _aलघुकथा. | ||
| 700 | _aसरदेसाई लक्ष्मणराव. | ||
| 730 | _aवेचक लक्ष्मणराव सरदेसाई. | ||
| 942 | _cBOOK | ||
| 999 |
_c260627 _d260627 |
||